| 000 | 00943nam a2200289 a 4500 | ||
|---|---|---|---|
| 003 | AR-BaBNM | ||
| 005 | 20251128204718.0 | ||
| 008 | 082120s2002 ||||||||||||||000 | spa|| | ||
| 020 | _a84-331-0590-6 | ||
| 040 | _cAR-BaBNM | ||
| 100 | 1 | _aCarrelón, Antonio | |
| 245 | 0 | 0 | _aCompendio doctrinal de una reforma |
| 260 |
_aMadrid _bEscuela Española _c1993 |
||
| 300 | _a305 p. | ||
| 500 | _aIncluye texto de la ley orgánica 1/1990, dictada por el gobierno español el 3 de octubre de 1990, por el cual se dispuso un reordenamiento general del sistema educacional de ese país | ||
| 650 | 4 | _aESCOLARIDAD OBLIGATORIA | |
| 650 | 4 | _aENSEÑANZA UNIVERSITARIA | |
| 650 | 4 | _aORGANIZACION ESCOLAR | |
| 650 | 4 | _aREFORMA DE LA EDUCACION | |
| 650 | 4 | _aEVALUACION DEL ALUMNO | |
| 651 | 4 | _aEspaña | |
| 653 | _aLEGISLACION EDUCATIVA | ||
| 653 | _aEDUCACION PRIMARIA | ||
| 653 | _aEDUCACION SECUNDARIA | ||
| 942 | _cBK | ||
| 998 | _cenrique | ||
| 999 |
_c8531 _d8531 |
||